000 00264nam a2200097Ia 4500
001 687365
005 20250826161554.0
008 250824s9999 xx 000 0 und d
245 0 _aMUTSUZ PALYAÇOLAR ÖRGÜTÜ
_cNESLİHAN ÖNDEROĞLU
260 _bGÜNIŞIĞI YAYINLARI
999 _c687365
_d687365